000 02251nam a2200217Ia 4500
005 20250609164453.0
008 240825s9999 xx 000 0 und d
020 _a9780367509996
_qpbk
041 _aeng
082 _a728.047
_bTRU
100 _aTrubiano, Franca
245 0 _aDesign and construction of high performance homes : building envelopes, renewable energies and integrated practice
_c/ edited by Franca Trubiano.
250 _a1st ed.
260 _b: Routledge
_c, 2013.
_aLondon ; New York
300 _aix, 298 p.
_b: ill. (some col.)
_c; 24 cm.
500 _aReprint 2020.
504 _aBib and Ref
520 _aBoth professionals and students are increasingly committed to achieving high-performance metrics in the design, construction and operation of residential buildings. This book responds to this demand by offering a comprehensive guide which features: architectural innovations in building skin technologies which make lighter more transparent buildings high performing ; energy-free architectural design principles and advances in building-integrated photovoltaics ; essential engineering principles, controls and approaches to simulation for achieving net zero ; the advantages of integrated design in residential construction and the challenges and opportunities it engenders ; detailed case studies of innovative homes which have incorporated low-energy design solutions, new materials, alternative building assemblies, digital fabrication, integrated engineering systems and operational controls. Divided into four parts, the book discusses the requisite AEC (Architecture, Engineering and Construction) knowledge needed when building a high-performance home. It also communicates this information across four case studies, which provide the reader with a thorough overview of all aspects to be considered in the design and construction of sustainable homes. With contributions from experts in the field, the book provides a well-rounded and multi-faceted approach. This book is essential reading for students and professionals in design, architecture, engineering (civil, mechanical and electrical), construction and energy management.
650 _aEcological houses--Design and construction.
942 _cREF
999 _c547865
_d547865